Die Beurteilung summarischer Exekutionen durch das Völkerrecht
| Autor principal: | |
|---|---|
| Tipo de documento: | Print Libro |
| Lenguaje: | Alemán |
| Publicado: |
Marburg [u.a.]
Schön
1966
|
| En: | Año: 1966 |
| Disponibilidad en Tübingen: | Disponible en Tübingen. UB: US 69.3943 |
| Availability in Albert-Krebs Library: | FD.10.002 2003-1221 |
| Verificar disponibilidad: | HBZ Gateway |
| Servicio de pedido Subito: | Pedir ahora. |
| Palabras clave: |
MARC
| LEADER | 00000cam a2200000 c 4500 | ||
|---|---|---|---|
| 001 | 1071861603 | ||
| 003 | DE-627 | ||
| 005 | 20250703175530.0 | ||
| 007 | tu | ||
| 008 | 850101s1966 xx ||||| m 00| ||ger c | ||
| 035 | |a (DE-627)1071861603 | ||
| 035 | |a (DE-576)001861603 | ||
| 035 | |a (DE-599)BSZ001861603 | ||
| 040 | |a DE-627 |b ger |c DE-627 |e rakwb | ||
| 041 | |a ger | ||
| 084 | |a 2,1 |2 ssgn | ||
| 084 | |a PR 2208 |2 rvk |0 (DE-625)rvk/139527: | ||
| 100 | 1 | |a Jentsch, Hans-Joachim |d 1937-2021 |0 (DE-588)122518446 |0 (DE-627)08199172X |0 (DE-576)161587402 |4 aut | |
| 109 | |a Jentsch, Hans-Joachim 1937-2021 | ||
| 245 | 1 | 4 | |a Die Beurteilung summarischer Exekutionen durch das Völkerrecht |c Hans-Joachim Jentsch |
| 264 | 1 | |a Marburg [u.a.] |b Schön |c 1966 | |
| 300 | |a XX, 97 S. | ||
| 336 | |a Text |b txt |2 rdacontent | ||
| 337 | |a ohne Hilfsmittel zu benutzen |b n |2 rdamedia | ||
| 338 | |a Band |b nc |2 rdacarrier | ||
| 502 | |a Marburg, Univ., Diss., 1966 | ||
| 583 | 1 | |a Archivierung/Langzeitarchivierung gewährleistet |f SSG |x XA-DE-BW |2 pdager |5 DE-21 | |
| 650 | 4 | |a Kriegsverbrechen |7 (dpeaa)DE-2619 | |
| 650 | 4 | |a Zweiter Weltkrieg |7 (dpeaa)DE-2619 | |
| 650 | 4 | |a Hinrichtung |7 (dpeaa)DE-2619 | |
| 650 | 4 | |a Völkerrecht |7 (dpeaa)DE-2619 | |
| 655 | 7 | |a Hochschulschrift |0 (DE-588)4113937-9 |0 (DE-627)105825778 |0 (DE-576)209480580 |2 gnd-content | |
| 751 | |a Marburg |0 (DE-588)4037446-4 |0 (DE-627)106237454 |0 (DE-576)209024305 |4 uvp | ||
| 935 | |a mkri | ||
| 936 | r | v | |a PR 2208 |b Selbsthilfe / Völkerrecht (BF Staatsnotstand / Völkerrecht) UB Repressalie, Geiselnahme, Intervention / Völkerrecht, Retorsion, Boykott, Sanktion / Völkerrecht, Wirtschaftssanktion |k Rechtswissenschaft |k Völkerrecht |k Einzelgebiete des Völkerrechts im Frieden |k Selbsthilfe / Völkerrecht (BF Staatsnotstand / Völkerrecht) UB Repressalie, Geiselnahme, Intervention / Völkerrecht, Retorsion, Boykott, Sanktion / Völkerrecht, Wirtschaftssanktion |0 (DE-627)1271351722 |0 (DE-625)rvk/139527: |0 (DE-576)201351722 |
| 951 | |a BO | ||
| ELC | |b 1 | ||
| LOK | |0 000 xxxxxcx a22 zn 4500 | ||
| LOK | |0 001 2013910142 | ||
| LOK | |0 003 DE-627 | ||
| LOK | |0 004 1071861603 | ||
| LOK | |0 005 20050310000000 | ||
| LOK | |0 008 050310||||||||||||||||ger||||||| | ||
| LOK | |0 040 |a DE-21 |c DE-627 |d DE-21 | ||
| LOK | |0 852 |a DE-21 | ||
| LOK | |0 852 1 |c US 69.3943 |9 00 | ||
| LOK | |0 935 |a pro7 |a konv | ||
| LOK | |0 939 |a 10-03-05 |b l01 | ||
| LOK | |0 000 xxxxxcx a22 zn 4500 | ||
| LOK | |0 001 2013910010 | ||
| LOK | |0 003 DE-627 | ||
| LOK | |0 004 1071861603 | ||
| LOK | |0 005 19950606000000 | ||
| LOK | |0 008 950606||||||||||||||||ger||||||| | ||
| LOK | |0 040 |a DE-Frei85 |c DE-627 |d DE-Frei85 | ||
| LOK | |0 852 |a DE-Frei85 | ||
| LOK | |0 852 1 |m p |9 00 | ||
| LOK | |0 938 |k p | ||
| LOK | |0 939 |a 06-06-95 |b l01 | ||
| LOK | |0 000 xxxxxcx a22 zn 4500 | ||
| LOK | |0 001 419626901X | ||
| LOK | |0 003 DE-627 | ||
| LOK | |0 004 1071861603 | ||
| LOK | |0 005 20221011150739 | ||
| LOK | |0 008 221011||||||||||||||||ger||||||| | ||
| LOK | |0 035 |a (DE-2619)k04105 | ||
| LOK | |0 040 |a DE-2619 |c DE-627 |d DE-2619 | ||
| LOK | |0 092 |o n | ||
| LOK | |0 541 |e Bestand Albert-Krebs-Bibliothek: 2003-1221 | ||
| LOK | |0 852 |a DE-2619 | ||
| LOK | |0 852 1 |c FD.10.002 |m p |9 00 | ||
| LOK | |0 935 |a kreb | ||
| LOK | |0 938 |k p | ||
| LOK | |0 939 |a 11-10-22 |b l01 | ||
| ORI | |a SA-MARC-krimdoka001.raw | ||
| SIG | |a UB: US 69.3943 | ||
